A dictionary of modern English usage :

محفوظ في:

المؤلف الرئيسي: Fowler, H. W.

التنسيق: كتاب

اللغة: Undetermined

منشور في: New York : Oxford University Press, 1965.

الموضوعات:

الوسوم: إضافة وسم

لا توجد وسوم, كن أول من يضع وسما على هذه التسجيلة!

رقم الطلب: (Ref.) PE1628 .F65

LEADER 00581nam a2200157Ia 4500
008 220712s9999||||xx |||||||||||||| ||und||
050 4 |a (Ref.) PE1628 .F65 
100 1 |a Fowler, H. W. 
245 1 2 |a A dictionary of modern English usage : 
264 1 |a New York :  |b Oxford University Press,  |c 1965. 
300 |a xx, 725p. :  |b  ;  |c 19cm. 
555 4 |o (Ref.) PE1628 .F65 
650 |a English language. 
650 4 |a English language Usage Dictionaries. 
952 |0 0  |1 0  |2 lcc  |4 0  |7 1  |9 41847  |a ARCE  |b ARCE  |d 2022-07-21  |l 0  |o (Ref.) PE1628 .F65  |p 1037185  |r 2022-07-21 00:00:00  |w 2022-07-21  |y BK 
999 |c 48826  |d 48826